000 01242cab a22002295a 4500
001 L141842
008 080102e20071207xxk f 000 0 eng d
035 _a(Sirsi) u141842
041 0 _aeng
100 1 _aHayman, Allister
245 0 2 _aA tax on all your houses
260 _c2007
490 _aRegeneration and Renewal
_v7 December 2007, 18-21(3)
520 _aExamines the government's planning tariff system, which is to be introduced nationwide following local trials in Milton Keynes and Ashford. Considers the implications for regeneration projects. Although the Planning Reform Bill is vague on the new planning tax, the Housing Minister has already stated that it will enable councils to use their strategic development plans to ascertain infrastructure needs, identify sources of funding, and allocate a portion of this to be obtained via planning tariffs. Reports that in theory, developers should benefit from a more predictable system.
590 _aKA
650 2 4 _aPLANNING BILL 2007-08
650 2 4 _aTOWN AND COUNTRY PLANNING ACT 1990 S106
650 2 4 _aPLANNING GAIN SUPPLEMENT
651 4 _aUnited Kingdom
_y
690 _aENVIRONMENTAL AND LAND CONSULTANCY-PLANNING AND DEVELOPMENT-PLANNING REFORM
942 _n0
999 _c79618
_d79618